| 000 | 00000nam 2200000zi 4500 |
| 001 | 9.936966 |
| 003 | CaOODSP |
| 005 | 20240417125949 |
| 006 | m o d f |
| 007 | cr mn||||||||| |
| 008 | 240417s2020 quc o f000 0 fre d |
| 040 | |aCaOODSP|bfre|erda|cCaOODSP |
| 043 | |an-cn--- |
| 045 | |ay1y1 |
| 086 | 1 |aEn4-390/2020-1F-PDF |
| 245 | 00|aRegards sur l'audit : |baudit de la santé et sécurité au travail à ECCC. |
| 264 | 1|a[Gatineau, Québec] : |bEnvironnement et changement climatique Canada = Environment and Climate Change Canada, |c[2020] |
| 300 | |a1 ressource en ligne (5 pages) |
| 336 | |atexte|btxt|2rdacontent/fre |
| 337 | |ainformatique|bc|2rdamedia/fre |
| 338 | |aressource en ligne|bcr|2rdacarrier/fre |
| 500 | |aPublié aussi en anglais sous le titre : Audit at a glance : audit of occupational health and safety at ECCC. |
| 610 | 16|aCanada. |bEnvironnement et changement climatique Canada|xAudit. |
| 650 | 6|aHygiène industrielle|zCanada|xAudit. |
| 650 | 6|aSécurité du travail|zCanada|xAudit. |
| 710 | 1 |aCanada. |bEnvironnement et changement climatique Canada. |bDirection générale de l'audit et de l'évaluation, |eorganisme de publication. |
| 775 | 08|tAudit at a glance : |w(CaOODSP)9.936962 |
| 856 | 40|qPDF|s165 Ko|uhttps://publications.gc.ca/collections/collection_2024/eccc/en4/En4-390-2020-1-fra.pdf |
| 856 | 4 |qHTML|sS.O.|uhttps://www.canada.ca/fr/environnement-changement-climatique/organisation/transparence/priorites-gestion/audits-internes/regards-audit-sante-securite-travail.html |